[Event "Col Ch "]
[Site "Ibague "]
[Date "2013.07.05"]
[Round "7.8"]
[White "Blandon, Luis Guillermo"]
[Black "Torres, Juan Camilo"]
[Result "0-1"]
[WhiteElo "1993"]
[BlackElo "2341"]
[PlyCount "98"]
[EventDate "2013.07.01"]
[EventType "swiss"]
[EventRounds "11"]
[EventCountry "COL"]
[SourceDate "2005.09.12"]
[WhiteClock "0:10:12"]
[BlackClock "0:26:21"]

1. e4 c5 2. Nf3 e6 3. d3 Nc6 4. g3 g6 5. Bg2 Bg7 6. O-O Nge7 7. Re1 O-O 8. c3
e5 9. Nbd2 h6 10. Nb3 d6 11. d4 exd4 12. cxd4 c4 13. Nbd2 b5 14. a4 Qa5 15. Ra3
b4 16. Nxc4 Qa6 17. Rb3 Qxc4 18. Bf1 Qe6 19. d5 Qf6 20. dxc6 Be6 21. Rd3 Nxc6
22. Rxd6 Rad8 23. Bg2 Qe7 24. Rxd8 Rxd8 25. Qe2 Bg4 26. Qb5 Rc8 27. h3 Bxf3 28.
Bxf3 Nd4 29. Qd3 Rc2 30. e5 Qc5 31. Bf4 g5 32. Bd1 Rxb2 33. Be3 Bxe5 34. Qe4
Bf6 35. Bh5 Qc4 36. Bxd4 Bxd4 37. Bxf7+ Kxf7 38. Qf5+ Bf6 39. Qh7+ Bg7 40. Re7+
Kxe7 41. Qxg7+ Kd6 42. Qxb2 Qc3 43. Qe2 b3 44. Qa6+ Kd5 45. Qb7+ Kc4 46. Qxa7
b2 47. Qf7+ Kb4 48. Kh2 Ka3 49. Qe7+ Ka2 0-1

[Event "Col Ch "]
[Site "Ibague "]
[Date "2013.07.05"]
[Round "7.9"]
[White "Mendoza, Rafael"]
[Black "Herrera Perez, Martin Steven"]
[Result "1-0"]
[WhiteElo "2334"]
[BlackElo "1974"]
[PlyCount "81"]
[EventDate "2013.07.01"]
[EventType "swiss"]
[EventRounds "11"]
[EventCountry "COL"]
[SourceDate "2005.09.12"]
[WhiteClock "2:03:00"]
[BlackClock "0:30:52"]

1. e4 c5 2. Nf3 e6 3. d4 cxd4 4. Nxd4 a6 5. Bd3 Qc7 6. O-O Nf6 7. Qe2 d6 8. c4
b6 9. Nc3 Bb7 10. b3 Be7 11. Bb2 h5 12. f4 Nbd7 13. f5 e5 14. Nf3 Nc5 15. Bc2
Rc8 16. b4 Ncd7 17. Bd3 O-O 18. Rac1 Qb8 19. a3 Rc7 20. Nd5 Bxd5 21. cxd5 b5
22. Rxc7 Qxc7 23. Rc1 Qa7+ 24. Qf2 Qxf2+ 25. Kxf2 Nb6 26. Rc6 Nfd7 27. Bc1 Rb8
28. Be3 Kf8 29. Nd2 Ke8 30. Nb3 Bh4+ 31. g3 Be7 32. h3 Kd8 33. Be2 h4 34. g4 g5
35. f6 Bxf6 36. Rxd6 Be7 37. Rc6 Na4 38. Rxa6 Nc3 39. Bd3 Nd1+ 40. Ke2 Nxe3 41.
Kxe3 1-0

[Event "Col Ch "]
[Site "Ibague "]
[Date "2013.07.05"]
[Round "7.10"]
[White "Tovio, Israel"]
[Black "Florez, Carlos Julio"]
[Result "1-0"]
[WhiteElo "2291"]
[BlackElo "2130"]
[PlyCount "67"]
[EventDate "2013.07.01"]
[EventType "swiss"]
[EventRounds "11"]
[EventCountry "COL"]
[SourceDate "2005.09.12"]

1. e4 d6 2. d4 Nf6 3. Nc3 e5 4. Nf3 exd4 5. Nxd4 Be7 6. g3 O-O 7. Bg2 Re8 8.
O-O c6 9. h3 Bf8 10. Kh2 Nbd7 11. f4 Nc5 12. Re1 Qc7 13. b4 Ne6 14. Bb2 a5 15.
b5 Nxd4 16. Qxd4 Be6 17. Rad1 Rad8 18. Rd2 Bc8 19. Red1 Rd7 20. a4 h5 21. Qa7
h4 22. g4 d5 23. e5 Nh7 24. b6 Qd8 25. Qxa5 g5 26. f5 Qe7 27. Ne2 Qc5 28. Qxc5
Bxc5 29. c4 Be3 30. Rd3 d4 31. Bxd4 Bxd4 32. Nxd4 Red8 33. c5 Nf8 34. a5 1-0

[Event "Col Ch "]
[Site "Ibague "]
[Date "2013.07.05"]
[Round "7.11"]
[White "Castaneda, Jhon David"]
[Black "Uribe Arteaga, Daniel"]
[Result "1-0"]
[WhiteElo "2123"]
[BlackElo "2274"]
[PlyCount "51"]
[EventDate "2013.07.01"]
[EventType "swiss"]
[EventRounds "11"]
[EventCountry "COL"]
[SourceDate "2005.09.12"]
[WhiteClock "0:18:47"]
[BlackClock "0:06:51"]

1. e4 g6 2. d4 c6 3. c4 d5 4. cxd5 cxd5 5. e5 Nc6 6. Nc3 Bg7 7. Bb5 a6 8. Ba4
Nh6 9. Nge2 O-O 10. Bb3 e6 11. O-O f6 12. f4 Qb6 13. Kh1 Nf5 14. Qd3 Bd7 15.
Na4 Qa7 16. Nc5 Bc8 17. Qc3 fxe5 18. fxe5 Ncxd4 19. Nxd4 Ng3+ 20. hxg3 Rxf1+
21. Kh2 Bxe5 22. Bf4 Bxd4 23. Qxd4 Rxa1 24. Bh6 b5 25. Qf6 Rf1 26. Qd8+ 1-0

[Event "Col Ch "]
[Site "Ibague "]
[Date "2013.07.05"]
[Round "7.13"]
[White "Pardo, Alejandro"]
[Black "Diaz Arboleda, Daniel"]
[Result "1-0"]
[WhiteElo "2232"]
[BlackElo "2110"]
[PlyCount "81"]
[EventDate "2013.07.01"]
[EventType "swiss"]
[EventRounds "11"]
[EventCountry "COL"]
[SourceDate "2005.09.12"]

1. d4 Nf6 2. c4 g6 3. Nc3 d5 4. cxd5 Nxd5 5. e4 Nxc3 6. bxc3 Bg7 7. Bg5 c5 8.
Rc1 h6 9. Be3 O-O 10. Nf3 Qc7 11. Qd2 Kh7 12. d5 e5 13. c4 Qd6 14. Be2 f5 15.
exf5 gxf5 16. O-O Nd7 17. Ne1 Rg8 18. f4 e4 19. Kh1 Nf6 20. Qd1 Bh8 21. Bd2 Bd7
22. Bc3 Rae8 23. a4 Qa6 24. a5 Ng4 25. Qb3 Bc8 26. Nc2 Qd6 27. Bxg4 Rxg4 28. g3
h5 29. Bxh8 Rxh8 30. Ne3 Rg6 31. Ng2 Rhg8 32. Qc3 Re8 33. Rfe1 Qd8 34. Rb1 Qc7
35. Rb5 Bd7 36. Rb2 Ra6 37. Reb1 b6 38. axb6 axb6 39. Qf6 Rea8 40. Qf7+ Kh8 41.
Nh4 1-0

[Event "Col Ch "]
[Site "Ibague "]
[Date "2013.07.05"]
[Round "7.14"]
[White "Nunez V, Daniel"]
[Black "Nino, Juan Camilo"]
[Result "1/2-1/2"]
[WhiteElo "2225"]
[BlackElo "2093"]
[PlyCount "63"]
[EventDate "2013.07.01"]
[EventType "swiss"]
[EventRounds "11"]
[EventCountry "COL"]
[SourceDate "2005.09.12"]

1. e4 e6 2. d3 d5 3. Nd2 Nf6 4. Ngf3 c5 5. g3 Nc6 6. Bg2 Be7 7. O-O h6 8. h4 b6
9. Re1 Bb7 10. e5 Nd7 11. h5 Qc7 12. Qe2 b5 13. c4 bxc4 14. dxc4 Ba6 15. b3 Rd8
16. Bb2 Nb6 17. Bc3 dxc4 18. Nxc4 Nxc4 19. bxc4 O-O 20. Qe4 Rd7 21. g4 Rfd8 22.
g5 hxg5 23. Qg4 Nd4 24. Bxd4 cxd4 25. Nxg5 Qxc4 26. Nxf7 Rf8 27. Rac1 Qxa2 28.
Ra1 Qd2 29. Red1 Be2 30. Qxe6 Bxd1 31. Nh6+ Kh8 32. Nf7+ 1/2-1/2

[Event "Col Ch "]
[Site "Ibague "]
[Date "2013.07.05"]
[Round "7.15"]
[White "Lozano, Nestor Favian"]
[Black "Munoz, Jhon Edison"]
[Result "1/2-1/2"]
[WhiteElo "2110"]
[BlackElo "2214"]
[PlyCount "113"]
[EventDate "2013.07.01"]
[EventType "swiss"]
[EventRounds "11"]
[EventCountry "COL"]
[SourceDate "2005.09.12"]

1. c4 e5 2. g3 Nf6 3. Bg2 Nc6 4. Nc3 Bb4 5. Nd5 Be7 6. d3 O-O 7. e4 d6 8. Nxe7+
Qxe7 9. Ne2 Bg4 10. f3 Be6 11. Bg5 h6 12. Be3 Nh7 13. O-O f5 14. Rc1 Rf7 15.
Qd2 Nf6 16. b4 a6 17. exf5 Bxf5 18. d4 e4 19. d5 Ne5 20. Nd4 Bh7 21. f4 Nd3 22.
Rb1 Qd7 23. h3 Re8 24. g4 c6 25. dxc6 bxc6 26. Qc3 d5 27. c5 Qc7 28. a4 Nd7 29.
Ne2 Nf8 30. f5 h5 31. Qd4 hxg4 32. hxg4 g6 33. b5 gxf5 34. bxc6 Qe5 35. gxf5
Rxf5 36. Rxf5 Bxf5 37. Qxe5 Nxe5 38. Nd4 Bg4 39. Kf2 Bc8 40. Rb8 Kf7 41. Kg3
Nfg6 42. Bh3 Bxh3 43. Rb7+ Ne7 44. Kxh3 Rh8+ 45. Kg3 Rg8+ 46. Kh3 Kf6 47. c7
Nc4 48. Rb6+ Kf7 49. Bf4 a5 50. Ne6 Rc8 51. Bg5 e3 52. Kg2 d4 53. Nxd4 Rxc7 54.
Rf6+ Kg8 55. Rf8+ Kxf8 56. Ne6+ Kf7 57. Nxc7 1/2-1/2

[Event "Col Ch "]
[Site "Ibague "]
[Date "2013.07.05"]
[Round "7.16"]
[White "Ramirez, Benjamin Dario"]
[Black "Dominguez Rincon, Miller"]
[Result "1/2-1/2"]
[WhiteElo "2214"]
[BlackElo "2035"]
[PlyCount "112"]
[EventDate "2013.07.01"]
[EventType "swiss"]
[EventRounds "11"]
[EventCountry "COL"]
[SourceDate "2005.09.12"]

1. e4 e5 2. Nf3 Nc6 3. Bb5 a6 4. Ba4 Nf6 5. O-O b5 6. Bb3 Be7 7. Re1 d6 8. h3
Na5 9. c3 Nxb3 10. Qxb3 Bb7 11. d3 c5 12. Nbd2 O-O 13. a4 Qd7 14. d4 exd4 15.
cxd4 d5 16. e5 Ne4 17. Nf1 c4 18. Qc2 b4 19. Be3 f6 20. exf6 Bxf6 21. N3d2 Rae8
22. Nxe4 Rxe4 23. Ng3 Ree8 24. Qd2 a5 25. Bg5 Bc6 26. Bxf6 Rxf6 27. Rxe8+ Qxe8
28. Re1 Re6 29. Rxe6 Qxe6 30. Qg5 c3 31. bxc3 b3 32. Nf5 Qf6 33. Qf4 b2 34.
Qb8+ Qf8 35. Nh6+ gxh6 36. Qxb2 Qf4 37. Qb6 Qc1+ 38. Kh2 Qf4+ 39. Kg1 Qc1+ 40.
Kh2 Qxc3 41. Qd8+ Kf7 42. Qc7+ Ke6 43. f4 Qc4 44. Qe5+ Kd7 45. f5 Qxa4 46. f6
Qb4 47. Qf5+ Kc7 48. Qxh7+ Kb6 49. f7 Qd6+ 50. Kg1 Qf4 51. Qg7 Qe3+ 52. Kh2
Qf4+ 53. Kh1 Qc1+ 54. Kh2 Qf4+ 55. Kg1 Qe3+ 56. Kh1 Qc1+ 1/2-1/2

[Event "Col Ch "]
[Site "Ibague "]
[Date "2013.07.05"]
[Round "7.17"]
[White "Blandon Villa, Diego F"]
[Black "Dominguez, Oscar"]
[Result "1/2-1/2"]
[WhiteElo "2196"]
[BlackElo "2092"]
[PlyCount "100"]
[EventDate "2013.07.01"]
[EventType "swiss"]
[EventRounds "11"]
[EventCountry "COL"]
[SourceDate "2005.09.12"]

1. c4 Nf6 2. Nc3 g6 3. Nf3 Bg7 4. g3 d6 5. Bg2 O-O 6. O-O c5 7. Rb1 Nc6 8. a3
a5 9. d3 e5 10. Ne1 Be6 11. Bg5 Qd7 12. Bxf6 Bxf6 13. Nc2 Rab8 14. b4 b6 15.
Qd2 axb4 16. axb4 Ne7 17. Rfc1 d5 18. cxd5 Nxd5 19. bxc5 bxc5 20. Nxd5 Bxd5 21.
Bxd5 Qxd5 22. Ne3 Qd4 23. Qa5 Rxb1 24. Rxb1 e4 25. Nc2 Qe5 26. dxe4 Qxe4 27.
Qxc5 Qxe2 28. Rb7 Qf3 29. Rc7 h5 30. Ne3 h4 31. Qc6 Qxc6 32. Rxc6 Bg5 33. f4
Bd8 34. g4 Re8 35. Kf2 Kf8 36. Kf3 Ba5 37. h3 Rb8 38. Rd6 Rb3 39. Ke4 Rb4+ 40.
Rd4 Rxd4+ 41. Kxd4 Bb6+ 42. Ke4 Bxe3 43. Kxe3 Ke7 44. Ke4 Kd6 45. g5 Ke6 46.
f5+ gxf5+ 47. Kf4 Ke7 48. Kxf5 Kf8 49. Kg4 Kg7 50. Kh5 f6 1/2-1/2

[Event "Col Ch "]
[Site "Ibague "]
[Date "2013.07.05"]
[Round "7.20"]
[White "Zapata Cuartas, Juan Carlos"]
[Black "Castro, Alexander"]
[Result "0-1"]
[WhiteElo "2089"]
[BlackElo "2142"]
[PlyCount "64"]
[EventDate "2013.07.01"]
[EventType "swiss"]
[EventRounds "11"]
[EventCountry "COL"]
[SourceDate "2005.09.12"]

1. e4 c5 2. Nf3 e6 3. d4 cxd4 4. Nxd4 Nf6 5. Nc3 Nc6 6. Ndb5 Bb4 7. a3 Bxc3+ 8.
Nxc3 d5 9. exd5 exd5 10. Be2 d4 11. Na2 O-O 12. O-O Qd6 13. Bd2 Bf5 14. Nc1
Rac8 15. Nd3 Nd5 16. Rc1 f6 17. Re1 Rfe8 18. Bg4 Qd7 19. Bh5 g6 20. Bf3 Ne5 21.
Nb4 Nb6 22. Be4 Nec4 23. Bxf5 Qxf5 24. Nd3 Ne5 25. Bb4 Nbc4 26. Nc5 a5 27. g4
Nf3+ 28. Kh1 Qf4 29. Rxe8+ Rxe8 30. Kg2 Qxh2+ 31. Kxf3 Qh3+ 32. Kf4 g5+ 0-1

[Event "Col Ch "]
[Site "Ibague "]
[Date "2013.07.05"]
[Round "7.21"]
[White "Otero, Daniel"]
[Black "Tirado, Juan Camilo"]
[Result "1-0"]
[WhiteElo "2135"]
[BlackElo "2001"]
[PlyCount "90"]
[EventDate "2013.07.01"]
[EventType "swiss"]
[EventRounds "11"]
[EventCountry "COL"]
[SourceDate "2005.09.12"]

1. Nf3 c5 2. g3 Nc6 3. Bg2 Nf6 4. O-O g6 5. d4 cxd4 6. Nxd4 Bg7 7. Nb3 O-O 8.
e4 d6 9. Nc3 a5 10. a4 Be6 11. Nd5 Rc8 12. Be3 Bxd5 13. exd5 Ne5 14. Bd4 Nc4
15. Nc1 Qc7 16. b3 Nb6 17. Ra2 e5 18. dxe6 fxe6 19. c4 Rcd8 20. Re2 e5 21. Bb2
Nbd7 22. Na2 Nc5 23. Nc3 Kh8 24. h3 Qb6 25. Nb5 Rd7 26. Kh2 Ne8 27. f4 Rdf7 28.
fxe5 Rxf1 29. Bxf1 dxe5 30. Bg2 Qe6 31. Qd5 Qxd5 32. cxd5 e4 33. Ba3 b6 34.
Bxe4 Nf6 35. Bg2 Rd8 36. Bxc5 bxc5 37. Na7 Bf8 38. Nc6 Rd6 39. Nxa5 Nxd5 40.
Nc4 Nc3 41. Re8 Rf6 42. Ne5 Kg7 43. Nd7 Rf7 44. Nxf8 Rxf8 45. Rxf8 Kxf8 1-0

[Event "Col Ch "]
[Site "Ibague "]
[Date "2013.07.05"]
[Round "7.22"]
[White "Lopez Hernandez, Carlos Manuel"]
[Black "Valderrama Quiceno, Esteban Al"]
[Result "0-1"]
[WhiteElo "2320"]
[BlackElo "1939"]
[PlyCount "112"]
[EventDate "2013.07.01"]
[EventType "swiss"]
[EventRounds "11"]
[EventCountry "COL"]
[SourceDate "2005.09.12"]

1. Nf3 Nf6 2. c4 c5 3. Nc3 e6 4. g3 Nc6 5. Bg2 d5 6. cxd5 Nxd5 7. O-O Nc7 8. b3
Be7 9. Bb2 O-O 10. Rc1 Rb8 11. Na4 Na6 12. d4 Qa5 13. Bc3 Qb5 14. dxc5 Rd8 15.
Qc2 Nxc5 16. Nxc5 Bxc5 17. Bxg7 Bxf2+ 18. Rxf2 Kxg7 19. Qc3+ f6 20. Qe3 Qb6 21.
Qe4 e5 22. e3 Qb4 23. Qxb4 Nxb4 24. Rc7+ Rd7 25. Rxd7+ Bxd7 26. Rd2 Be6 27. Nh4
Rc8 28. Bxb7 Rc1+ 29. Kf2 Ra1 30. Be4 Rxa2 31. Rxa2 Nxa2 32. Nf5+ Kf8 33. Nd6
h6 34. Nc4 Ke7 35. Ke1 Bxc4 36. bxc4 Kd6 37. Kd2 Kc5 38. Bd5 a5 39. g4 a4 40.
Be6 Nb4 41. Kc3 Na6 42. Bd7 a3 43. Kb3 Nb4 44. Kxa3 Kxc4 45. Bf5 Nd5 46. Be6
Kc5 47. Kb3 Nxe3 48. Kc3 e4 49. h3 Nd5+ 50. Kd2 Kd4 51. Bc8 Nf4 52. h4 Ng6 53.
h5 e3+ 54. Ke2 Nf4+ 55. Kf3 e2 56. Kf2 Kd3 0-1

[Event "Col Ch "]
[Site "Ibague "]
[Date "2013.07.05"]
[Round "7.23"]
[White "Perez Pineda, Elkin Dario"]
[Black "Rios Parra, Alejandro"]
[Result "0-1"]
[WhiteElo "2159"]
[BlackElo "2344"]
[PlyCount "62"]
[EventDate "2013.07.01"]
[EventType "swiss"]
[EventRounds "11"]
[EventCountry "COL"]
[SourceDate "2005.09.12"]

1. e4 e5 2. Nf3 Nc6 3. Bb5 a6 4. Ba4 d6 5. Bxc6+ bxc6 6. d4 f6 7. Nc3 Ne7 8.
Be3 Rb8 9. Qd2 Rxb2 10. O-O-O Rb8 11. dxe5 Ng6 12. exf6 Qxf6 13. Bg5 Qf7 14.
Qd4 h6 15. Be3 Be7 16. Qa4 Bd7 17. h4 O-O 18. h5 Nf4 19. g3 Ng2 20. Nd2 Nxe3
21. fxe3 Qf6 22. Qd4 Qg5 23. Rdf1 Bf6 24. Qc4+ Kh8 25. Rf3 Qa5 26. Ndb1 d5 27.
exd5 cxd5 28. Qd3 d4 29. Ne4 Qxa2 30. Nxf6 Rxb1+ 31. Kd2 Qa5+ 0-1

[Event "Col Ch "]
[Site "Ibague "]
[Date "2013.07.05"]
[Round "7.25"]
[White "Agudelo, Antonio"]
[Black "Buitrago, Juan Carlos"]
[Result "1-0"]
[WhiteElo "2275"]
[BlackElo "2124"]
[PlyCount "71"]
[EventDate "2013.07.01"]
[EventType "swiss"]
[EventRounds "11"]
[EventCountry "COL"]
[SourceDate "2005.09.12"]

1. Nf3 Nf6 2. g3 g6 3. b3 Bg7 4. Bb2 O-O 5. Bg2 d6 6. d4 Nbd7 7. O-O Re8 8. c4
e5 9. dxe5 Ng4 10. Nc3 Ngxe5 11. Nd4 Nf8 12. h3 c6 13. Kh2 h5 14. f4 h4 15. g4
Bxg4 16. fxe5 Bxe5+ 17. Kh1 Nh7 18. hxg4 h3 19. Bf3 Qh4 20. e3 Ng5 21. Qe1 Bg3
22. Qe2 Re7 23. Nc2 Rae8 24. Nd1 f5 25. gxf5 gxf5 26. Bf6 Re6 27. Bxg5 Qxg5 28.
Bh5 R8e7 29. Qf3 Re5 30. Rg1 Rg7 31. Nc3 Qh4 32. Raf1 f4 33. exf4 Rxh5 34. Ne4
Bxf4 35. Rxg7+ Kxg7 36. Qxf4 1-0

[Event "Col Ch "]
[Site "Ibague "]
[Date "2013.07.05"]
[Round "7.26"]
[White "Garavito, Miguel Angel"]
[Black "Cifuentes, Jhon Jairo"]
[Result "0-1"]
[WhiteElo "2263"]
[BlackElo "2120"]
[PlyCount "56"]
[EventDate "2013.07.01"]
[EventType "swiss"]
[EventRounds "11"]
[EventCountry "COL"]
[SourceDate "2005.09.12"]

1. d4 d5 2. Nf3 Nf6 3. c4 e6 4. Nc3 c6 5. Bg5 Nbd7 6. Rc1 Qa5 7. Bd2 Qd8 8. e3
Bd6 9. Qc2 O-O 10. cxd5 exd5 11. Bd3 Re8 12. O-O Qe7 13. h3 Ne4 14. Ne2 Ndf6
15. Bc3 g5 16. Nh2 h5 17. Rce1 Kg7 18. f4 g4 19. Bxe4 Nxe4 20. hxg4 hxg4 21. g3
Bf5 22. Qd1 Rh8 23. Kg2 Rh3 24. Rg1 Rah8 25. Nf1 Qe6 26. Nc1 Qh6 27. Nd3 Rxg3+
28. Nxg3 Qh3# 0-1

[Event "Col Ch "]
[Site "Ibague "]
[Date "2013.07.05"]
[Round "7.28"]
[White "Cespedes, Cesar Ivan"]
[Black "Dominguez, Ramiro"]
[Result "0-1"]
[WhiteElo "2111"]
[BlackElo "2225"]
[PlyCount "104"]
[EventDate "2013.07.01"]
[EventType "swiss"]
[EventRounds "11"]
[EventCountry "COL"]
[SourceDate "2005.09.12"]

1. e4 e5 2. Nf3 Nc6 3. Bb5 a6 4. Ba4 Nf6 5. O-O Be7 6. Re1 b5 7. Bb3 d6 8. h3
O-O 9. c3 Na5 10. Bc2 c5 11. d4 Qc7 12. Nbd2 cxd4 13. cxd4 Nc6 14. d5 Nb4 15.
Bb1 a5 16. Nf1 Bd7 17. a3 Na6 18. Be3 Rfc8 19. Qe2 Qb7 20. Bd3 Nc5 21. Bxc5
Rxc5 22. Kh2 Nh5 23. g3 g6 24. Rac1 Rac8 25. Rxc5 Rxc5 26. Ne3 Bd8 27. Ng2 b4
28. axb4 Qxb4 29. Qd2 Qb3 30. g4 Ng7 31. Ne3 a4 32. Rg1 Kh8 33. Qe2 Ne8 34. Nc4
Bb5 35. Rc1 Kg7 36. Nfd2 Qb4 37. Rc2 Bg5 38. Nb1 Nf6 39. Nba3 Bd7 40. Kg2 Rc8
41. f3 h5 42. Qf2 hxg4 43. hxg4 Rh8 44. Re2 Qb8 45. Qb6 Qg8 46. Rf2 Qh7 47. Kf1
Nxg4 48. Rg2 Qh3 49. Be2 Nh2+ 50. Kg1 Nxf3+ 51. Bxf3 Qxf3 52. Qxd6 Rh1+ 0-1

[Event "Col Ch "]
[Site "Ibague "]
[Date "2013.07.05"]
[Round "7.29"]
[White "Vasquez, Nuremberg Ad"]
[Black "Rojas Barrero, Andres H"]
[Result "0-1"]
[WhiteElo "2002"]
[BlackElo "2201"]
[PlyCount "52"]
[EventDate "2013.07.01"]
[EventType "swiss"]
[EventRounds "11"]
[EventCountry "COL"]
[SourceDate "2005.09.12"]

1. e4 e5 2. Nc3 Nf6 3. Bc4 Bc5 4. f4 d6 5. Nf3 Nc6 6. d3 Be6 7. Bb3 Bxb3 8.
axb3 Ng4 9. Qe2 Bf2+ 10. Kf1 Bb6 11. Nd5 O-O 12. Nxb6 axb6 13. Ra3 exf4 14. Ne1
Ne3+ 15. Bxe3 fxe3 16. Rxa8 Qxa8 17. c3 f5 18. exf5 Rxf5+ 19. Kg1 Qe8 20. Nc2
Rf2 21. Qxe3 Qxe3 22. Nxe3 Re2 23. Nf1 Rxb2 24. h4 Rxb3 25. Rh3 Rxc3 26. Nd2
Ne5 0-1

[Event "Col Ch "]
[Site "Ibague "]
[Date "2013.07.05"]
[Round "7.30"]
[White "Martinez, Jorge Alexander"]
[Black "Garces, Javier"]
[Result "0-1"]
[WhiteElo "2189"]
[BlackElo "2001"]
[PlyCount "150"]
[EventDate "2013.07.01"]
[EventType "swiss"]
[EventRounds "11"]
[EventCountry "COL"]
[SourceDate "2005.09.12"]

1. e4 c5 2. Nf3 d6 3. d4 cxd4 4. Nxd4 Nf6 5. f3 g6 6. c4 Bg7 7. Nc3 Nc6 8. Nc2
Bd7 9. Be2 Rc8 10. Be3 Ne5 11. Na3 Qa5 12. O-O a6 13. Rc1 O-O 14. Qe1 Qb4 15.
Rb1 Rfe8 16. Qf2 Rc6 17. h3 Be6 18. Nc2 Qa5 19. Nd4 Rcc8 20. Nxe6 fxe6 21. Bb6
Qb4 22. a3 Qb3 23. Be3 Rf8 24. Rfc1 Kh8 25. Qh4 b5 26. f4 Ned7 27. cxb5 axb5
28. Bxb5 Nc5 29. Bxc5 Rxc5 30. Bd3 Nh5 31. f5 Bf6 32. Qg4 Qb6 33. Kh1 Be5 34.
Ne2 Rxc1+ 35. Rxc1 Qxb2 36. Rb1 Qxa3 37. Qf3 exf5 38. exf5 Qa4 39. Qb7 Qh4 40.
Qf3 gxf5 41. g4 Ng7 42. Kg2 Qf6 43. Qe3 f4 44. Qf3 Qh4 45. Bc4 Qf6 46. h4 Ne6
47. Bd3 Nc5 48. Bf5 Rg8 49. Bc2 Qxh4 50. Rh1 Qxg4+ 51. Qxg4 Rxg4+ 52. Kf3 Rg7
53. Rh4 Ne6 54. Bb3 Ng5+ 55. Kf2 f3 56. Ra4 h5 57. Ra8+ Kh7 58. Bc2+ Kh6 59.
Ng1 Bd4+ 60. Kf1 Bxg1 61. Kxg1 Ne4+ 62. Kf1 d5 63. Rf8 Rg6 64. Rf7 Re6 65. Rf8
Kg5 66. Bd1 Rf6 67. Rg8+ Kf4 68. Rg7 e6 69. Ra7 Rg6 70. Rf7+ Rf6 71. Ra7 f2 72.
Ra3 Kg5 73. Rd3 h4 74. Bf3 Rxf3 75. Rxf3 Nd2+ 0-1

[Event "Col Ch "]
[Site "Ibague "]
[Date "2013.07.05"]
[Round "7.31"]
[White "Almanza, Rafael Andres"]
[Black "Cardozo, Carlos Eduardo"]
[Result "0-1"]
[WhiteElo "2186"]
[BlackElo "1990"]
[PlyCount "101"]
[EventDate "2013.07.01"]
[EventType "swiss"]
[EventRounds "11"]
[EventCountry "COL"]
[SourceDate "2005.09.12"]

1. e4 e6 2. d4 d5 3. e5 c5 4. c3 Nc6 5. Nf3 Qb6 6. Be2 f6 7. O-O fxe5 8. dxe5
Nh6 9. Bd3 Nf7 10. Qe2 Be7 11. a3 Bd7 12. b4 c4 13. Bc2 g5 14. a4 g4 15. Nfd2
Ncxe5 16. a5 Qc7 17. f4 gxf3 18. Nxf3 O-O-O 19. Be3 Kb8 20. Bd4 Bd6 21. Qe3 Ng4
22. Bxa7+ Ka8 23. Qd4 Bxh2+ 24. Kh1 Rdg8 25. Bb6 Qf4 26. Qxf4 Bxf4 27. Nh4 e5
28. g3 d4 29. gxf4 Bc6+ 30. Nf3 Ne3 31. Na3 Rg3 32. Kh2 Nxf1+ 33. Rxf1 Rxf3 34.
Rxf3 Bxf3 35. Kg3 Bd5 36. fxe5 d3 37. Bd1 Nxe5 38. Nb5 Bc6 39. Nc7+ Kb8 40. b5
Bh1 41. Ne6 Nd7 42. Bc7+ Kc8 43. b6 Rg8+ 44. Kf2 Nb8 45. Nd4 Rg5 46. Ke3 h5 47.
Kf4 Rxa5 48. Nf5 Na6 49. Nd6+ Kd7 50. Nxc4 Ra1 51. Bxh5 0-1

[Event "Col Ch "]
[Site "Ibague "]
[Date "2013.07.05"]
[Round "7.32"]
[White "Barros, Raul Junior"]
[Black "Valdeblanquez, Jeiner Jair"]
[Result "1-0"]
[WhiteElo "2180"]
[BlackElo "1765"]
[PlyCount "73"]
[EventDate "2013.07.01"]
[EventType "swiss"]
[EventRounds "11"]
[EventCountry "COL"]
[SourceDate "2005.09.12"]

1. e4 d5 2. exd5 Nf6 3. Nf3 Nxd5 4. d4 g6 5. Ne5 Bg7 6. c4 Nb6 7. Be3 O-O 8. f4
f6 9. Nf3 e5 10. Nc3 exf4 11. Bxf4 Re8+ 12. Be2 Nc6 13. O-O Bg4 14. d5 Ne5 15.
Nxe5 Bxe2 16. Qxe2 fxe5 17. Be3 Qh4 18. c5 Nd7 19. g3 Qd8 20. Ne4 h6 21. Qg4 g5
22. Qh5 Rf8 23. Rxf8+ Qxf8 24. Rf1 Qe8 25. Qh3 Rd8 26. c6 bxc6 27. dxc6 Nf8 28.
Nf6+ Bxf6 29. Rxf6 Rd1+ 30. Kf2 Qb8 31. b3 Qb4 32. Qxh6 Qe1+ 33. Kg2 Qh1+ 34.
Kh3 g4+ 35. Kxg4 Qe4+ 36. Kh3 Nh7 37. Rg6+ 1-0

[Event "Col Ch "]
[Site "Ibague "]
[Date "2013.07.05"]
[Round "7.33"]
[White "Lotero, Faiber"]
[Black "Osorio, Alejandro"]
[Result "1-0"]
[WhiteElo "2177"]
[BlackElo "1883"]
[PlyCount "79"]
[EventDate "2013.07.01"]
[EventType "swiss"]
[EventRounds "11"]
[EventCountry "COL"]
[SourceDate "2005.09.12"]

1. e4 c5 2. Nf3 Nc6 3. d4 cxd4 4. Nxd4 Nf6 5. Nc3 d6 6. Bc4 e6 7. O-O Be7 8.
Kh1 O-O 9. f4 d5 10. exd5 exd5 11. Be2 Nxd4 12. Qxd4 Bf5 13. Bd3 Qd7 14. Bd2
Bxd3 15. Qxd3 Rfd8 16. Rad1 Rac8 17. Be1 Qc6 18. Bf2 a6 19. Bd4 Ne4 20. Rf3 f5
21. Kg1 b5 22. a3 Qc4 23. Kf1 Nxc3 24. Bxc3 b4 25. axb4 d4 26. Qxc4+ Rxc4 27.
Rfd3 Bxb4 28. Bxb4 Rxb4 29. b3 a5 30. Ra1 Rc8 31. Ra2 Rc5 32. Ke2 Kf7 33. Kd2
Kf6 34. Rf3 h6 35. g3 Rb7 36. Kd1 Re7 37. Rd3 Re4 38. Ra4 Rd5 39. c3 Ke6 40.
cxd4 1-0

[Event "Col Ch "]
[Site "Ibague "]
[Date "2013.07.05"]
[Round "7.34"]
[White "Agudelo, Oscar Marino"]
[Black "Chavarro, Hugo"]
[Result "0-1"]
[WhiteElo "1739"]
[BlackElo "2296"]
[PlyCount "106"]
[EventDate "2013.07.01"]
[EventType "swiss"]
[EventRounds "11"]
[EventCountry "COL"]
[SourceDate "2005.09.12"]

1. d4 Nf6 2. c4 c5 3. d5 d6 4. Nc3 g6 5. e4 Bg7 6. f4 O-O 7. Nf3 Nbd7 8. Be2
Ne8 9. O-O Nc7 10. Be3 Rb8 11. Qd2 a6 12. a4 b6 13. Bf2 Re8 14. Bg3 Bb7 15.
Rae1 b5 16. b3 e6 17. Bh4 Bf6 18. Bxf6 Qxf6 19. e5 dxe5 20. fxe5 Qg7 21. dxe6
fxe6 22. Qd6 b4 23. Nb1 Rbc8 24. Bd1 Qe7 25. Nbd2 Nf8 26. Qd3 Rcd8 27. Qe3 Nd7
28. Bc2 Rf8 29. Be4 Bxe4 30. Nxe4 Ne8 31. Qh6 Qg7 32. Qh4 Rc8 33. Neg5 Qe7 34.
Qg4 Ng7 35. Rd1 Rf5 36. Rfe1 Rcf8 37. Qe4 Nxe5 38. Kh1 Nxf3 39. Nxf3 Qf6 40.
Rd6 g5 41. Red1 Rf4 42. Qe3 Nf5 43. Qxe6+ Qxe6 44. Rxe6 Nd4 45. Re5 g4 46. Ng1
Nxb3 47. g3 Rxc4 48. Rd7 Rf7 49. Rd3 Nc1 50. Rd2 b3 51. Kg2 Rb4 52. Rg5+ Kf8
53. Re5 b2 0-1

[Event "Col Ch "]
[Site "Ibague "]
[Date "2013.07.05"]
[Round "7.35"]
[White "Latorre, Franklin Leandro"]
[Black "Mateus, Alejandro"]
[Result "0-1"]
[WhiteElo "1927"]
[BlackElo "2289"]
[PlyCount "68"]
[EventDate "2013.07.01"]
[EventType "swiss"]
[EventRounds "11"]
[EventCountry "COL"]
[SourceDate "2005.09.12"]

1. e4 c5 2. Nf3 d6 3. d4 cxd4 4. Nxd4 Nf6 5. Nc3 a6 6. Bc4 e6 7. O-O Be7 8. f4
O-O 9. Bb3 b5 10. e5 dxe5 11. fxe5 Nfd7 12. Qh5 Bc5 13. Be3 Bxd4 14. Bxd4 Nc6
15. Rad1 Qc7 16. Rxf7 Rxf7 17. Bxe6 Nf8 18. Nd5 Qb7 19. Qxf7+ Qxf7 20. Bxf7+
Kxf7 21. Rf1+ Kg8 22. Bc5 Ng6 23. Nc7 Rb8 24. e6 Rb7 25. Bd6 Rxc7 26. Bxc7 Bxe6
27. Rd1 Kf7 28. Rd6 Nge7 29. Bd8 Nxd8 30. Rxd8 Bxa2 31. Ra8 Bb1 32. c3 Nd5 33.
Ra7+ Ke6 34. Rxa6+ Ke5 0-1